000 00348nam a2200145Ia 4500
008 230711s9999||||xx |||||||||||||| ||und||
041 _aENG
082 _a624
_bGI-D
100 _aGilpin,Alan
245 0 _aDictionary of environmental terms
250 _a1st Ed.
260 _c1978
_aNew Delhi
_bThomas Telford
650 _aLiterature
942 _cBK
999 _c3531
_d3531